| 000 | 00696nam a2200193 a 4500 | ||
|---|---|---|---|
| 001 | 000046529 | ||
| 005 | 20201002052933.0 | ||
| 008 | 091120s2004 dr a r 001 0 spa d | ||
| 020 | _z9945400789 (v. 1) | ||
| 040 |
_aDO-SdBNP _bspa _cBNPHU |
||
| 082 |
_axxxx _bxxxx |
||
| 100 | 1 |
_aOliveros, Verónica _974517 |
|
| 245 | 1 | 0 |
_aCaligrafía inicial 2 : _bnivel inicial, 2 años de edad / _cVerónica Oliveros ; ilustraciones Antonio Peña Juzgado. |
| 260 |
_aSanto Domingo : _bActualidad Escolar 2000, _cs. f. |
||
| 300 |
_av. : _bil. ; _c22 cm. |
||
| 590 | _aInventariado, 2018/LP | ||
| 700 | 1 |
_aPeña Juzgado, Antonio, _eil. _974518 |
|
| 710 | 2 |
_aActualidad Escolar 2000, (República Dominicana) _973571 |
|
| 999 |
_c46018 _d46018 |
||